Connecting The Dots (Record no. 12825)
[ view plain ]
| 000 -LEADER | |
|---|---|
| fixed length control field | 00346 a2200157 4500 |
| 003 - CONTROL NUMBER IDENTIFIER | |
| control field | OSt |
| 005 - DATE AND TIME OF LATEST TRANSACTION | |
| control field | 20240711190034.0 |
| 008 - FIXED-LENGTH DATA ELEMENTS--GENERAL INFORMATION | |
| fixed length control field | 240711b ||||| |||| 00| 0 eng d |
| 020 ## - INTERNATIONAL STANDARD BOOK NUMBER | |
| International Standard Book Number | 9788193232958 |
| 082 ## - DEWEY DECIMAL CLASSIFICATION NUMBER | |
| Classification number | [728.42083] |
| 100 ## - MAIN ENTRY--PERSONAL NAME | |
| Personal name | Sanjay Mohe |
| 245 ## - TITLE STATEMENT | |
| Title | Connecting The Dots |
| 260 ## - PUBLICATION, DISTRIBUTION, ETC. (IMPRINT) | |
| Name of publisher, distributor, etc | Border Book |
| 300 ## - PHYSICAL DESCRIPTION | |
| Extent | 203p; |
| 942 ## - ADDED ENTRY ELEMENTS (KOHA) | |
| Source of classification or shelving scheme | |
| Withdrawn status | Lost status | Source of classification or shelving scheme | Damaged status | Koha normalized classification for sorting | Not for loan | Permanent location | Current location | Date acquired | Source of acquisition | Cost, normal purchase price | Total Checkouts | Full call number | Barcode | Checked out | Date last seen | Date last borrowed | Cost, replacement price | Price effective from | Koha item type |
|---|---|---|---|---|---|---|---|---|---|---|---|---|---|---|---|---|---|---|---|
| 728_42083 | BMS College of Architecture, Design and Planning | BMS College of Architecture, Design and Planning | 2024-07-11 | 1 | 3375.00 | 1 | [728.42083] | AR-UG4043 | 2026-04-21 | 2026-04-06 | 2026-04-06 | 4500.00 | 2024-07-11 | B.PLAN | |||||
| 728_42083 | BMS College of Architecture, Design and Planning | BMS College of Architecture, Design and Planning | 2024-07-11 | 1 | 3375.00 | 1 | [728.42083] | AR-UG4040 | 2026-03-22 | 2026-03-07 | 2026-03-07 | 4500.00 | 2024-07-11 | B.PLAN | |||||
| 728_42083 | BMS College of Architecture, Design and Planning | BMS College of Architecture, Design and Planning | 2024-07-11 | 1 | 3375.00 | 1 | [728.42083] | AR-UG4044 | 2026-03-25 | 2026-03-10 | 2026-03-10 | 4500.00 | 2024-07-11 | B.PLAN | |||||
| 728_42083 | BMS College of Architecture, Design and Planning | BMS College of Architecture, Design and Planning | 2024-07-11 | 1 | 3375.00 | [728.42083] | AR-UG4042 | 2024-07-11 | 4500.00 | 2024-07-11 | B.PLAN | ||||||||
| 728_42083 | BMS College of Architecture, Design and Planning | BMS College of Architecture, Design and Planning | 2024-07-11 | 1 | 3375.00 | 1 | [728.42083] | AR-UG4041 | 2025-09-30 | 2025-09-15 | 2025-09-15 | 4500.00 | 2024-07-11 | B.PLAN |